000 00459nam a2200181Ia 4500
001 24295
005 20260414151033.0
008 260414t2023||||xx |||||||||||||| ||spa||
041 _aESP
082 _a345.2
_bR31P
100 _aReátegui Sánchez, James,
_eAUT
245 0 _aLa prisión preventiva en los delitos de corrupción
_b
260 _c2023
300 _a495 páginas :
_c25 cm.
650 _aDER
654 _aCDE
942 _cLIB
_dJUS
_fJUS
_2ddc
_n
999 _c24295
_d24295